| 000 | 01634cam a22002295a 4500 | ||
|---|---|---|---|
| 001 | L138746 | ||
| 008 | 070709e20070629xxk f 000 0 eng d | ||
| 035 | _a(Sirsi) u138746 | ||
| 041 | 0 | _aeng | |
| 050 | 0 | 4 | _a306.026 $2 18 |
| 110 | 1 |
_aEngland and Wales _bLaw Commission _93302 |
|
| 245 | 0 | 0 |
_aHousing _bproportionate dispute resolution _bthe role of tribunals _ba consultation paper _h[electronic resource] |
| 260 |
_aLondon _bLaw Commission _c2007 |
||
| 490 | 4 |
_aLaw Commission Consultation Paper _v180 |
|
| 520 | _aPresents provisional proposals that a specialist tribunal should be established in order to resolve housing disputes. This would be set up within the flexible structures to be created by the Tribunals, Courts and Enforcements Bill. It would incorporate the Residential Property Tribunal Service (RPTS) tribunals. Its jurisdiction would include rented housing possession and disrepair claims, mobile home possession claims, rented housing disrepair claims, and the power to make housing benefit decisions. A rationalisation of appeals from RPTS to the upper tribunal created by the Bill is also suggested. Responses are due by 28 September 2007. | ||
| 590 | _aKA | ||
| 650 | 2 | 4 | _aTRIBUNALS COURTS AND ENFORCEMENT BILL (HL) 2006 |
| 651 | 4 |
_aEngland and Wales _y1543- |
|
| 690 | _aMANAGEMENT-DISPUTE AVOIDANCE, MANAGEMENT AND RESOLUTION-DISPUTE MANAGEMENT AND RESOLUTION-TRIBUNALS-RESIDENTIAL PROPERTY TRIBUNAL SERVICE | ||
| 856 | 4 | 0 |
_uhttps://www.justice.gov.uk/lawcommission/docs/cp180_Housing_Proportionate_Dispute_Resolution_Role_of_Tribunals.pdf _zView the item free of charge at www.justice.gov.uk |
| 942 | _n0 | ||
| 999 |
_c107246 _d107246 |
||